000 00310nam a2200121Ia 4500
008 231129s1999||||xx |||||||||||||| ||spa||
082 _aER- 589
100 _aToro Zuluaga Germán
245 0 _aManual para la participación ciudadana
260 _c1999
264 _aPereira: Papiro 1999
942 _2ddc
_cBKS
999 _c20534
_d20534